00301nam a2200133Ia 4500008004100000020001500041041001200056082001600068100001500084245001900099260002500118300000800143650001600151221030s9999 xx 000 0 und d a8120308352 aEnglish a105.23bMan aM. M. Mano 0aDigital Design bPHIaNew Delhic1991 a516 aBE Computer